000
00305nam a2200109Ia 4500
008
220204s9999 xx 000 0 und d
082
_a
595.7
_b
SAX.4
100
_a
Saxena, A B
245
0
_a
Recent advances in entomology V4. Ecology of insects
260
_a
New Delhi
_b
Anmol Publications
_c
1995
942
_c
BK
999
_c
41148
_d
41148